00577nam a2200229Ia 450000500170000000800460001702000180006303700100008104000080009104000080009904000080010704100080011504100080012308400080013110000180013924500770015726000220023426000220025626000090027865000120028785600480029920260121125337.0008 260114s9999 xx 000 0 eng d a9780300240092 aEBOOK aCRL beng cCRL 2eng aeng qCRL aThomas, Keith 0aIn Pursuit of Civility: Manners and Civilization in Early Modern England bWalter de Gruyter bWalter de Gruyter c2018 aHistory uhttp://www.degruyter.com/isbn/9780300240092